Statistics for Guess the British Royal by their full name

Click here to take the quiz!

General Stats

  • This quiz has been taken 62 times
    (47 since last reset)
  • The average score is 28 of 33

Answer Stats

Full name exluding their famous nameFamous Name% Correct
Albert "______" of Saxe-Coburg and GothaHM King Edward VII
95%
"______" Albert Christian George Andrew Patrick David WindsorHM King Edward VIII / Prince Edward
95%
"______" Antony Richard Louis Mountbatten-WindsorHRH Prince Edward
95%
Henry Charles Albert David Mountbatten-WindsorHRH Prince Harry
95%
"_______" Arthur Philip Louis Mountbatten-WindsorHRH Prince William
95%
"______" Harrison Mountbatten-WindsorArchie
92%
"______" Frederick Ernest Albert WindsorHM King George V
92%
Albert Frederick Arthur "______" WindsorHM King George VI
92%
"_________" Angela Marguerite Bowes-LyonHM Queen Elizabeth, the Queen Mother
92%
"_________" Elizabeth MiddletonHRH Catherine, Princess of Wales
92%
"______" Alexander Louis Mountbatten-WindsorHRH Prince George
92%
"_________" Elizabeth DianaHRH Princess Charlotte
92%
"_____" Frances SpencerPrincess Diana
92%
"_______" Philip Arthur George Mountbatten-WindosrHM King Charles III
90%
"_________" Alexandra Mary WindsorHM Queen Elizabeth II
90%
Rachel "______" MarkleHRH Meghan, Duchess of Sussex
90%
"_____" Albert Christian Edward Mountbatten-WindsorHRH Prince Andrew
90%
"_______" Rosemary Shand Parker-BowlesHM Queen Camilla, Queen Consort
87%
Alexandrina "________"HM Queen Victoria
87%
"_____" Arthur CharlesHRH Prince Louis
87%
"____" Elizabeth Alice Louise Mountbatten WindsorHRH Princess Anne
87%
"________" Elizabeth Mary Mountbatten-WindsorHRH Princess Beatrice
85%
"____" Anne Elizabeth Phillips Mountbatten-WindsorZara Tindall
85%
"_____" Alexander Philip Theo Mountbatten-WindsorJames, Viscount Severn
82%
"_______" Diana Mountbatten-WindsorLilibet
82%
"_______" Victoria Helena Mountbatten-WindsorHRH Princess Eugenie
79%
"______" Alice Elizabeth Mary Mountbatten-WindsorLady Louise Windsor
79%
Francis "_____" Augustus Charles Emmanuel of Saxe-Coburg and GothaHRH Prince Albert, Prince Consort
77%
Victoria "____" Augusta Louise Olga Pauline Claudine Agnes WindsorHM Queen Mary of Teck
74%
"________" Rose WindsorHRH Princess Margaret
74%
"_____" Mark Andrew Phillips Mountbatten-WindsorPeter Phillips
67%
"_________" Caroline Marie Charlotte Louise JuliaHM Queen Alexandra of Denmark
56%
"_______" MountbattenHRH Prince Phillip
49%

Score Distribution

Percentile by Number Answered

Percent of People with Each Score

Your Score History

You have not taken this quiz since the last reset